00321nam a22001337a 4500003000400000008004100004020001800045100001700063245003700080250001100117260002900128300000800157650002200165OSt201119b ||||| |||| 00| 0 eng d a9788180450211 aVasisht, S.L aOrgnanic Chemistry B.Sc.-I Sem-I a9th Ed aNew DelhibR Chandc2020 a256 aB.Sc. Non Medical